000 00840nam a22002777a 4500
003 CHAP
005 20220817041545.0
008 971013s1978 r 00010 d
010 _a17966
011 _a18938
035 _a23023
040 _cCHAP
090 _aFolleto 14375
100 0 0 _aWilliams, Llewelyn.
_9122077
245 _aGrowing ginseng
260 _aWashington, D.C. :
_bDepartment of Agriculture,
_c1978
300 _a8 p.
_b: ilus.
490 _aE.U.A. Department of Agriculture. Farmer's bulletin
_v; 2201
590 _aBATCH-UPD
_b10
_c20130110
_lUCH01
_h1424
590 _aCONVERSION
_b10
_c20130109
_lUCH01
_h1311
650 1 4 _aGinseng.
_948090
830 0 _aE.U.A. Department of Agriculture. Farmer's bulletin
_v; 2201
901 _aBK
942 _cFOLL
949 _aFolleto 14375
_bBC
_cFOLL
_d-53682
_eTS1
_i23023
_si
999 _c17966
_d17966